Tate McRae - Paroles Just Keep Watching - Statistiques

Statistiques générales
  • Ce quiz a été pris 132 fois
  • Le résultat moyen est 338 sur 437
Statistiques - réponses
Hint Réponse % Correct
huh)
99%
Couplet 1 | Couplet 2 I
97%
(Oh
96%
oh)
96%
(Oh),
96%
Ooh
96%
what
95%
Just
94%
just
94%
(Just
94%
keep
94%
keep,
94%
Ah)
92%
Intro Mm,
92%
mm
92%
mm,
92%
watchin';
92%
my
91%
you
91%
Pré-refrain You
91%
Post-refrain (You
91%
on
90%
this
90%
this,
90%
this),
90%
(this
90%
watchin'
90%
watchin';
90%
watchin')
90%
(Yeah,
90%
yeah,
90%
yeah)
90%
(Yeah),
90%
(Yeah)
90%
yeah;
90%
Yeah)
90%
Yeah,
90%
like
88%
the
86%
go
84%
me,
84%
me
84%
me),
84%
Eyes
83%
(Eyes
83%
back
82%
down
82%
night
82%
night,
82%
Refrain Goes
79%
(Goes
79%
let
78%
for
77%
it
77%
wanna
77%
Wanna
77%
hair
75%
track
75%
your
75%
Pré-refrain Your
75%
all
74%
All
74%
by
74%
one
74%
one,
74%
here
73%
don't
71%
If
71%
if
71%
is
71%
is;
71%
Uh
71%
tell
70%
Tell
70%
to
70%
Twist
70%
archin'
69%
know
69%
start
68%
'em
66%
Bridge It's
66%
(It's
66%
with
66%
in?
65%
move
65%
alright
64%
alright)
64%
wrist
64%
can't
61%
that?
61%
up
61%
up,
61%
ain't
60%
buyin'
58%
love
58%
Take
58%
take
58%
from
57%
I'm
56%
mind
56%
give
55%
face
53%
show
52%
right
51%
(Baby)
49%
out
49%
they
49%
(they
49%
But
47%
I'll
47%
place
47%
where
47%
staring
45%
'Cause
44%
how
43%
difficult
42%
might
42%
time
42%
While
42%
friends,
40%
lights
40%
make
40%
'til
40%
try
40%
try,
40%
(No,
39%
no,
39%
no)
39%
(No
39%
no
39%
Hey)
31%
(As
29%
as
29%
long
26%
Aucun quiz correspondant
Distribution des résultats
% des personnes avec chaque résultat
Percentile par nombre de réponses
Votre historique - résultats
Vous n’avez pas pris ce quiz